| 000 | 00825cam a2200229 a 4500 | ||
|---|---|---|---|
| 003 | EG-GiCUC | ||
| 008 | 130221s1992 su g 000 0 ara d | ||
| 040 |
_aEG-GiCUC _bara _cEG-GiCUC |
||
| 043 | _aP------ | ||
| 092 | 0 | 4 |
_a379.56 _bT216 _221 |
| 099 |
_a04 _a379.56 T216 |
||
| 245 | 0 | 0 | _aتطور التعليم فى دول الخليج العربية 1407-1408هـ/ 1987-1988م |
| 260 |
_a[الرياض] : _bمكتب التربية العربى لدول الخليج : _c1992 |
||
| 300 |
_a276 ص ؛ _c28سم |
||
| 650 | 7 |
_aالتعليم _zتاريخ _2qrmak |
|
| 650 | 7 |
_aالتعليم _zدول الخليج العربى _2qrmak |
|
| 902 | _a1 | ||
| 905 |
_aابراهيم _eمراجع |
||
| 905 |
_aمنى _eمدخل |
||
| 942 |
_2ddc _cBK |
||
| 999 |
_c128247 _d128247 |
||